000 00695nam a2200301Ia 4500
005 20260401122314.0
008 008 250103s9999 xx 000 0 eng d
020 _a9780195683981
037 _aTB
040 _aEDL
040 _beng
040 _cEDL
041 _2eng
041 _aeng
084 _a891.441 MIT
084 _qEDL
100 _aMitra, Priti Kumar
_91233190
245 0 _aDissent of Nazrul Islam: Poetry and History
245 0 _cMitra, Priti Kumar
260 _aNew Delhi
260 _bOxford University Press
260 _c2007
300 _a330p
942 _cTB
942 _h891.441 MIT
999 _c1846387
_d1846387